Địa lý 12 Những vấn đề địa lý kinh tế xã hội Việt Nam
שמור ב:
| מחבר ראשי: | |
|---|---|
| פורמט: | ספר |
| שפה: | Undetermined |
| יצא לאור: |
Hà Nội
Giáo Dục
1992
|
| נושאים: | |
| תגים: |
הוספת תג
אין תגיות, היה/י הראשונ/ה לתייג את הרשומה!
|
| Thư viện lưu trữ: | Trung tâm Học liệu Trường Đại học Cần Thơ |
|---|
| LEADER | 00582nam a2200181Ia 4500 | ||
|---|---|---|---|
| 001 | CTU_10211 | ||
| 008 | 210402s9999 xx 000 0 und d | ||
| 082 | |a 910.7 | ||
| 082 | |b Đ301/L12 | ||
| 100 | |a Lê Thông | ||
| 245 | 0 | |a Địa lý 12 | |
| 245 | 0 | |b Những vấn đề địa lý kinh tế xã hội Việt Nam | |
| 245 | 0 | |c Lê Thông, Nguyễn Viết Thịnh | |
| 260 | |a Hà Nội | ||
| 260 | |b Giáo Dục | ||
| 260 | |c 1992 | ||
| 650 | |a geography - study and teaching ( secondary ) | ||
| 980 | |a Trung tâm Học liệu Trường Đại học Cần Thơ | ||